The static assessment of the motorbike frame using CAD system and Ansys Workbench

Enregistré dans:
Détails bibliographiques
Auteur principal: Kumartas, Semih Kaan (Auteur)
Autres auteurs: Garan, Martin (Directeur de thèse)
Format: Manuscrit Livre
Langue:slovaque
anglais
Publié: 2021
Sujets:
Accès en ligne:http://is.stuba.sk/zp/portal_zp.pl?podrobnosti=157861
Tags: Ajouter un tag
Pas de tags, Soyez le premier à ajouter un tag!

MARC

LEADER 00000ntm a22000003a 4500
001 stuzp80154
003 SK-STU
005 20210612210529.0
007 ta
008 150427s2015----xo-----f-mn---000-0-slo-d
040 |a STU  |b slo 
041 0 |a eng 
100 1 |a Kumartas, Semih Kaan  |u 020070  |k Z4  |4 aut  |U SjF Strojnícka fakulta  |T SjF Ústav výrobných systémov, enviromentálnej techniky a manažment kvality  |X 95724  |U J0070  |Y 804  |7 95724 
242 0 1 |a Statické posúdenie rámu motocykla pomocou CAD systému a Ansys  |y slo 
245 1 0 |a The static assessment of the motorbike frame using CAD system and Ansys Workbench 
260 |c 2021 
650 4 |a statická analýza  |2 slo 
650 4 |a Royal Enfield 500 cc  |2 slo 
650 4 |a motocykel  |2 slo 
650 4 |a static analysis  |2 eng 
650 4 |a Royal Enfield 500 cc  |2 eng 
650 4 |a motorcycle  |2 eng 
700 1 |a Garan, Martin  |u 020010  |k Z1  |4 ths  |U SjF Strojnícka fakulta  |T SjF Ústav aplikovanej mechaniky a mechatroniky  |X 10008  |U J0010  |Y 801  |7 A000010008 
856 4 |u http://is.stuba.sk/zp/portal_zp.pl?podrobnosti=157861